000 00390nam a22001457a 4500
082 _aT-257
100 _aAsif Ali
_951762
245 _aFlash Flood Susceptibility modeling : A study of swat drainage basin, Northern Pakistan
260 _aRisalpur,
_bMCE,
_c2019.
300 _a129p.
500 _aDM
526 _a0
_b0
_c0
_dT_257
700 _aDr Naeem Shazad
_951763
942 _2ddc
_cBK
999 _c554317
_d554317